000 00738nam a2200253Ia 4500
003 OSt
005 20220924115524.0
006 a|||||r|||| 00| 0
007 ta
008 220923b |||||||| |||| 00| 0 san d
020 _c450
024 _a260994
037 _b104, 04/10/2011, Vidyanidhi Prakashan
_cTextual
040 _aARTS
_cARTS
_bsan
041 _2san
_asan
082 _aR625x8,1, 152Q1
100 _aBhatt Madanam
_9178591
245 0 _aTarksangraha
260 _aDelhi
_bChaukhamba Sanskrit Pratishthan India
_c2011
300 _a288p.
_ccm.
650 _aPHILOSOPHY
942 _hR625x8,1, 152Q1
_cTEXL
_2CC
999 _c398715
_d398715